[Event "grenke Chess Open 2025"]
[Site "Karlsruhe GER"]
[Date "2025.04.18"]
[Round "2.27"]
[White "Bellahcene, Bilel"]
[Black "Ernst, Luca"]
[Result "1-0"]
[WhiteTitle "GM"]
[BlackTitle "FM"]
[WhiteElo "2506"]
[BlackElo "2218"]
[WhiteFideId "696358"]
[BlackFideId "45117055"]
[EventDate "2025.04.17"]

1. e4 c5 2. Nf3 e6 3. Qe2 Nc6 4. g3 Nf6 5. Bg2 e5 6. O-O Be7 7. c3 d6 8. Rd1 Bg4
9. Na3 h5 10. Nc2 Nxe4 11. d4 Nf6 12. dxe5 Nxe5 13. Ne3 Nxf3+ 14. Bxf3 Qd7 15.
Nxg4 hxg4 16. Bg2 O-O 17. Bg5 Rfe8 18. a4 Nd5 19. Rxd5 Bxg5 20. Qd3 Qe7 21. Qf5
Bf6 22. Qxg4 Qe2 23. Qxe2 Rxe2 24. Rb1 Rd8 25. Rdd1 b6 26. Kf1 Re7 27. Rd2 Rc7
28. Rbd1 Be7 29. Bd5 a6 30. Bc4 Ra7 31. Kg2 Rb8 32. Ra1 g6 33. h4 Kg7 34. f4 Rd7
35. Bxa6 d5 36. Be2 Bf6 37. Bb5 Rd6 38. Re1 d4 39. Rd3 Rbd8 40. c4 Kf8 41. Kf3
Be7 42. Ra1 Ra8 43. Rh1 Kg7 44. g4 Rh8 45. g5 f6 46. Re1 Kf7 47. Kg3 Bd8 48. Rd2
d3 49. Re3 Bc7 50. Rdxd3 fxg5 51. hxg5 Rhd8 52. Rd5 Rxd5 53. cxd5 Bd6 54. Re6
Be7 55. Bc4 Rd6 56. Kg4 Rxe6 57. dxe6+ Kg7 58. b3 Bf8 59. Bb5 Be7 60. Be8 Bd8
61. Kf3 Be7 62. Ke4 Bd6 63. Bb5 Kf8 64. f5 gxf5+ 65. Kxf5 Kg7 66. g6 Be7 67. Be8
Bf6 68. Bf7 Bh4 69. Ke5 Bg3+ 70. Kd5 Kf8 71. Kc6 Bf2 72. Kd7 Bh4 73. g7+ 1-0

[Event "grenke Chess Open 2025"]
[Site "Karlsruhe GER"]
[Date "2025.04.18"]
[Round "2.28"]
[White "Agrest, Inna"]
[Black "Wadsworth, Matthew J"]
[Result "1-0"]
[WhiteTitle "WIM"]
[BlackTitle "IM"]
[WhiteElo "2227"]
[BlackElo "2500"]
[WhiteFideId "1708830"]
[BlackFideId "415804"]
[EventDate "2025.04.17"]

1. e4 e6 2. d4 d5 3. Nc3 Bb4 4. Ne2 Nf6 5. Bg5 dxe4 6. a3 Be7 7. Qd2 b6 8. O-O-O
Bb7 9. Ng3 Nbd7 10. Qe1 O-O 11. h4 h6 12. Bd2 c5 13. dxc5 Qc7 14. Nb5 Qc6 15.
Nd4 Qc8 16. cxb6 axb6 17. Bb4 Nc5 18. Kb1 Nd5 19. Bb5 Qc7 20. Bd2 Bf6 21. Bc1
Rfd8 22. Nge2 Rdc8 23. Rh3 Be5 24. g4 Qe7 25. g5 h5 26. f4 Bb8 27. f5 exf5 28.
Nxf5 Qe5 29. Ned4 Ne6 30. Rb3 Nxd4 31. Nxd4 g6 32. Bd7 Rc4 33. Ne2 Qe7 34. Bb5
Rc5 35. c4 Rxb5 36. Rxb5 Nc7 37. Rxb6 Ne6 38. Qb4 Qxb4 39. Rxb4 Bc6 40. Rb6 Ba4
41. b3 Be8 42. Rxe6 fxe6 43. Rd8 Kf7 44. Bf4 e5 45. Bxe5 Bxe5 46. Rxa8 Bd7 47.
Ra7 Ke8 48. Kc2 Bf5 49. Kd2 1-0

[Event "grenke Chess Open 2025"]
[Site "Karlsruhe GER"]
[Date "2025.04.18"]
[Round "2.29"]
[White "Roshka, Yevgeniy"]
[Black "Den Hartog, Marijn"]
[Result "1-0"]
[WhiteTitle "IM"]
[WhiteElo "2488"]
[BlackElo "2218"]
[WhiteFideId "14129558"]
[BlackFideId "1046098"]
[EventDate "2025.04.17"]

1. d4 Nf6 2. c4 e6 3. Nf3 d5 4. g3 Bb4+ 5. Bd2 Be7 6. Bg2 c6 7. Qc2 Nbd7 8. O-O
Ne4 9. Be3 O-O 10. Nbd2 f5 11. Ne1 Bf6 12. Ndf3 dxc4 13. Qxc4 Nb6 14. Qc2 Nd5
15. Bc1 Qb6 16. Nd3 Bxd4 17. Nxd4 Qxd4 18. Rb1 Rd8 19. b4 Ndc3 20. Rb3 Nb5 21.
Bb2 Qd6 22. Ne5 Nf6 23. Rd3 Qf8 24. Rxd8 Qxd8 25. Rd1 Qf8 26. a4 Nc7 27. b5 Ncd5
28. bxc6 bxc6 29. Qxc6 Rb8 30. Bd4 Rb7 31. Bc5 Qe8 32. Qxe8+ Nxe8 33. g4 g6 34.
g5 Rc7 35. Bd4 Nf4 36. Bf1 Ba6 37. e3 Bxf1 38. Kxf1 Nd5 39. Rb1 Kf8 40. Rb8 a6
41. Bc5+ Kg7 42. Ba3 Rc3 43. Bb2 Rc2 44. Bd4 Ndc7 45. Rd8 Kg8 46. Rd7 Nd5 47.
Nf7 Rc7 48. Nh6+ Kf8 49. Bc5+ Rxc5 50. Rf7# 1-0

[Event "grenke Chess Open 2025"]
[Site "Karlsruhe GER"]
[Date "2025.04.18"]
[Round "2.30"]
[White "Papadopoulos, Ioannis"]
[Black "Schlosser, Philipp"]
[Result "0-1"]
[BlackTitle "GM"]
[WhiteElo "2226"]
[BlackElo "2481"]
[WhiteFideId "12955752"]
[BlackFideId "4600169"]
[EventDate "2025.04.17"]

1. e4 c5 2. Nf3 e6 3. d4 cxd4 4. Nxd4 Nc6 5. Nc3 Qc7 6. Be3 a6 7. a3 b5 8. Be2
Bb7 9. Nxc6 dxc6 10. O-O c5 11. Bf3 Bd6 12. g3 Be5 13. Bg2 Nf6 14. Qe1 O-O 15.
Bg5 h6 16. Bxf6 Bxf6 17. Nd1 Rfd8 18. f4 Bd4+ 19. Kh1 c4 20. c3 Bc5 21. Nf2 e5
22. Ng4 exf4 23. gxf4 Rd3 24. Qh4 f5 25. Ne5 fxe4 26. Nxd3 cxd3 27. f5 e3 28. f6
e2 29. f7+ Kf8 30. Rfe1 Qc6 31. Qg3 Qxg2+ 32. Qxg2 Bxg2+ 33. Kxg2 Kxf7 34. b4
Bb6 35. Ra2 Rc8 36. Kf3 Rxc3 37. Rd2 Kf6 38. Ke4 Bf2 39. Rxd3 Bxe1 0-1

[Event "grenke Chess Open 2025"]
[Site "Karlsruhe GER"]
[Date "2025.04.18"]
[Round "2.31"]
[White "Trost, Edvin"]
[Black "Mirski, Stanislaw"]
[Result "1-0"]
[WhiteTitle "IM"]
[WhiteElo "2481"]
[BlackElo "2218"]
[WhiteFideId "1729519"]
[BlackFideId "1122118"]
[EventDate "2025.04.17"]

1. d4 d5 2. c4 e6 3. Nc3 dxc4 4. e4 a6 5. Bxc4 c5 6. Nf3 b5 7. Bb3 c4 8. Bc2 Bb7
9. O-O Nf6 10. Qe2 Nbd7 11. a3 Qc7 12. Rd1 h6 13. Be3 Be7 14. Qd2 Rd8 15. Bf4
Qb6 16. h3 g5 17. Bg3 Nh5 18. Bh2 Bd6 19. Bxd6 Qxd6 20. Ne2 Nf4 21. a4 Nxe2+ 22.
Qxe2 Qb8 23. axb5 axb5 24. Ra5 Qc7 25. Rxb5 O-O 26. Qe3 f6 27. Rb4 Rb8 28. d5 e5
29. d6 Qc6 30. Rxc4 Qb6 31. Qc3 Ba6 32. Rc7 Qxb2 33. Qc6 Rf7 34. Qxa6 1-0

[Event "grenke Chess Open 2025"]
[Site "Karlsruhe GER"]
[Date "2025.04.18"]
[Round "2.32"]
[White "Lesny, Florian"]
[Black "Eugene, Floryan"]
[Result "0-1"]
[BlackTitle "IM"]
[WhiteElo "2225"]
[BlackElo "2476"]
[WhiteFideId "12973874"]
[BlackFideId "20694784"]
[EventDate "2025.04.17"]

1. e4 c5 2. Nf3 Nc6 3. d4 cxd4 4. Nxd4 Nf6 5. Nc3 d6 6. Bg5 Bd7 7. Qd2 a6 8.
O-O-O e6 9. f4 Be7 10. Nf3 b5 11. e5 b4 12. exf6 bxc3 13. Qxc3 gxf6 14. Bh4 Rg8
15. Kb1 Rb8 16. h3 h5 17. Bc4 d5 18. Bb3 a5 19. f5 Rb4 20. a3 Rf4 21. fxe6 fxe6
22. Qe3 Qb8 23. g3 Rf5 24. Rhe1 Rxg3 25. Bxg3 Qxg3 26. Ng1 Qxe3 27. Rxe3 Ne5 28.
Ne2 a4 29. Ba2 Bc5 30. Rc3 Bf2 31. b3 Nf3 32. bxa4 Bxa4 33. Rc7 Re5 34. Nc3 Bd7
35. Bb3 Kd8 36. Rb7 Kc8 37. Rb4 Be1 38. Rf4 Nd2+ 39. Kb2 Re3 40. Bxd5 exd5 41.
Nxd5 Re6 42. Rxf6 Nc4+ 43. Ka2 Re2 44. Rf8+ Kb7 45. Nb4 Be6 46. Re8 Ne3+ 47.
Rxe6 Nxd1 48. Rh6 h4 49. Nd3 Bg3 50. Kb3 Nf2 51. Nf4 Bxf4 52. Rxh4 Re3+ 53. Kc4
Nxh3 54. a4 Bc7 55. Rh7 Ng5 56. Rh5 Ne6 57. Rh6 Nd8 58. c3 Re5 59. Rh7 Nc6 60.
Rg7 Kb6 61. Rg6 Rc5+ 62. Kb3 Be5 63. c4 Bc7 64. Rh6 Rg5 0-1

[Event "grenke Chess Open 2025"]
[Site "Karlsruhe GER"]
[Date "2025.04.18"]
[Round "2.33"]
[White "Georgescu, Lena"]
[Black "Petkidis, Anthony"]
[Result "1/2-1/2"]
[WhiteTitle "FM"]
[BlackTitle "IM"]
[WhiteElo "2223"]
[BlackElo "2471"]
[WhiteFideId "1331973"]
[BlackFideId "24673390"]
[EventDate "2025.04.17"]

1. e4 c5 2. Nf3 Nc6 3. Nc3 Nf6 4. Bb5 g6 5. h3 Nd4 6. e5 Nxb5 7. Nxb5 Nd5 8. O-O
a6 9. c4 Nb4 10. Nc3 Bg7 11. d3 O-O 12. a3 Nc6 13. Bf4 d6 14. Re1 dxe5 15. Nxe5
Nd4 16. Nf3 Nf5 17. Qe2 b6 18. Ne4 Bb7 19. Rab1 a5 20. Be5 Bxe5 21. Nxe5 Nd4 22.
Qd1 Qc7 23. Nf3 Rfd8 24. Nxd4 Rxd4 25. f3 Bxe4 26. Rxe4 Rd6 27. Qe2 e6 28. Rd1
Rad8 29. Kf1 Qd7 30. Re3 Rd4 31. Ke1 Qd6 32. a4 Qh2 33. b3 Qg3+ 34. Kd2 h5 35.
Kc2 Kg7 36. Rd2 Qf4 37. Rd1 h4 38. Rd2 Qf6 39. Rd1 Rh8 40. Re5 Rf4 41. Re1 Rf5
42. Rxf5 gxf5 43. f4 Rh6 44. Qe5 Rg6 45. Qe2 Qd4 46. Rf1 Rg3 47. Rf3 Qa1 48.
Rxg3+ hxg3 49. Qh5 Qa2+ 50. Kc3 f6 51. Qf3 Qf2 52. Qb7+ Kg6 53. Qb8 Qe1+ 54. Kc2
Qf2+ 55. Kc3 Kf7 56. Qc7+ Kg6 1/2-1/2

[Event "grenke Chess Open 2025"]
[Site "Karlsruhe GER"]
[Date "2025.04.18"]
[Round "2.34"]
[White "Pfreundt, Jakob"]
[Black "Engel, Bruno"]
[Result "1-0"]
[WhiteTitle "IM"]
[WhiteElo "2467"]
[BlackElo "2215"]
[WhiteFideId "12918156"]
[BlackFideId "34609008"]
[EventDate "2025.04.17"]

1. d4 Nf6 2. c4 e6 3. Nc3 Bb4 4. e3 b6 5. Ne2 Ba6 6. a3 Be7 7. Nf4 d5 8. cxd5
Bxf1 9. Kxf1 exd5 10. h4 c6 11. g4 O-O 12. g5 Ne4 13. Nxe4 dxe4 14. Bd2 Bd6 15.
Nh5 Re8 16. Rc1 Qd7 17. Ke1 Qf5 18. Rg1 c5 19. dxc5 Bxc5 20. Bc3 Bf8 21. Qg4
Qxg4 22. Rxg4 Nd7 23. Ke2 Rac8 24. Rd1 Nc5 25. Ng3 Re6 26. h5 g6 27. Rd5 Bg7 28.
Bxg7 Kxg7 29. b4 Na4 30. Rd7 Nc3+ 31. Kf1 Kf8 32. Rxa7 Nb5 33. Rb7 gxh5 34. Rf4
Nd6 35. Rxb6 h4 36. Rxh4 Nf5 37. Rxe6 Nxh4 38. Rxe4 Nf3 39. Kg2 Nxg5 40. Re5 f6
41. Rc5 Rd8 42. Rc2 Rd3 43. Ra2 Rb3 44. f4 Ne6 45. Nf5 Nc7 46. Kf3 Nb5 47. a4
Nc3 48. Ra1 Rxb4 49. a5 Nb5 50. a6 Na7 51. Rd1 Rb6 52. Rd8+ Kf7 53. Rd7+ Ke6 54.
Rxa7 Kxf5 55. e4+ Kg6 56. Ra8 Kg7 57. Kg4 Rc6 58. a7 Ra6 59. e5 fxe5 60. fxe5
Ra4+ 61. Kf5 h5 62. e6 Ra5+ 63. Kf4 Ra4+ 64. Kg5 Rg4+ 65. Kxh5 1-0

[Event "grenke Chess Open 2025"]
[Site "Karlsruhe GER"]
[Date "2025.04.18"]
[Round "2.35"]
[White "Papaux, Steve"]
[Black "Aswath, S"]
[Result "0-1"]
[BlackTitle "IM"]
[WhiteElo "2221"]
[BlackElo "2466"]
[WhiteFideId "1337602"]
[BlackFideId "46694919"]
[EventDate "2025.04.17"]

1. d4 Nf6 2. c4 e6 3. Nf3 d5 4. g3 Be7 5. Bg2 O-O 6. O-O a5 7. Qc2 Nc6 8. a3
dxc4 9. Qxc4 a4 10. Nc3 Bd7 11. Bf4 Na5 12. Qxc7 Qxc7 13. Bxc7 Nb3 14. Rad1 Rfc8
15. Be5 Bxa3 16. bxa3 Rxc3 17. d5 Rc5 18. dxe6 Bxe6 19. Bd6 Rd5 20. Nh4 Rxd1 21.
Rxd1 Rd8 22. e4 Ne8 23. e5 b5 24. Nf3 b4 25. axb4 Nxd6 26. exd6 a3 27. b5 a2 28.
b6 Rxd6 0-1

[Event "grenke Chess Open 2025"]
[Site "Karlsruhe GER"]
[Date "2025.04.18"]
[Round "2.36"]
[White "Alvarez Serrano, Carlos"]
[Black "Ceres, Dragos"]
[Result "0-1"]
[BlackTitle "IM"]
[WhiteElo "2220"]
[BlackElo "2453"]
[WhiteFideId "22238689"]
[BlackFideId "13905864"]
[EventDate "2025.04.17"]

1. d4 d5 2. c4 e6 3. Nf3 c6 4. e3 f5 5. Bd3 Bd6 6. O-O Nf6 7. b3 Qe7 8. Bb2 a5
9. Nc3 O-O 10. Ne2 Nbd7 11. Nf4 Ne4 12. Be2 a4 13. Rc1 a3 14. Ba1 Rf6 15. Ne5
Rh6 16. g3 g5 17. Nfd3 g4 18. Nf4 Ndf6 19. Kg2 Ng5 20. Rh1 Nfe4 21. Ned3 Bd7 22.
h4 gxh3+ 23. Nxh3 Nxh3 24. Rxh3 Rxh3 25. Kxh3 Qg5 26. Qg1 Kh8 27. Ne5 Bxe5 28.
dxe5 dxc4 29. Rxc4 c5 30. Rxe4 fxe4 31. Qd1 Qf5+ 32. Bg4 Qxf2 33. Qxd7 Qf1+ 34.
Kh4 Qxa1 35. Qxe6 Rf8 36. Qe7 Qh1+ 37. Bh3 Qf3 38. Bg4 Qf2 39. e6 Rg8 40. Qc7
Qf6+ 41. Kh3 Qh6+ 42. Kg2 Rxg4 43. e7 Qe6 44. Qd8+ Rg8 45. Qf8 Qe5 46. Kf1 Qa1+
47. Kg2 Qg7 0-1

[Event "grenke Chess Open 2025"]
[Site "Karlsruhe GER"]
[Date "2025.04.18"]
[Round "2.37"]
[White "Panjwani, Raja"]
[Black "Radojicic, Aleksandar M"]
[Result "1-0"]
[WhiteTitle "IM"]
[WhiteElo "2443"]
[BlackElo "2213"]
[WhiteFideId "2604493"]
[BlackFideId "979694"]
[EventDate "2025.04.17"]

1. d4 Nf6 2. Nf3 c5 3. d5 g6 4. Nc3 Bg7 5. e4 d6 6. Bb5+ Nfd7 7. a4 Na6 8. Bf4
Nc7 9. Be2 a6 10. Qd2 h5 11. O-O b6 12. Rfe1 Rb8 13. Rab1 Bb7 14. b4 O-O 15. Bh6
Nf6 16. Bxg7 Kxg7 17. Bc4 b5 18. axb5 axb5 19. Bf1 c4 20. Nd4 Qd7 21. Qg5 Nh7
22. Qh4 e5 23. dxe6 fxe6 24. e5 dxe5 25. Rxe5 g5 26. Rxg5+ Nxg5 27. Qxg5+ Kh8
28. Qxh5+ Qh7 29. Qe5+ Qg7 30. Re1 Qxe5 31. Rxe5 Nd5 32. Ncxb5 Nxb4 33. Nxe6 Rf6
34. Bxc4 Bd5 35. Bxd5 Nxd5 36. Rxd5 Rxe6 37. g3 Re2 38. Nd4 Rd2 39. c3 Rc8 40.
Rf5 Rxc3 41. Nf3 Ra2 42. Rf4 Kg7 43. h4 Kh6 44. Kg2 Rc5 45. g4 Kg7 46. Nd4 Re5
47. h5 Kh6 48. Kg3 Re1 49. Nf3 Ra6 50. Nxe1 1-0

[Event "grenke Chess Open 2025"]
[Site "Karlsruhe GER"]
[Date "2025.04.18"]
[Round "2.38"]
[White "Bouget, Alexandre"]
[Black "Buckels, Valentin"]
[Result "0-1"]
[WhiteTitle "FM"]
[BlackTitle "IM"]
[WhiteElo "2219"]
[BlackElo "2440"]
[WhiteFideId "681318"]
[BlackFideId "12942766"]
[EventDate "2025.04.17"]

1. d4 Nf6 2. c4 e6 3. Nc3 Bb4 4. e3 O-O 5. Bd3 Re8 6. Ne2 d5 7. a3 Bf8 8. O-O
Nbd7 9. e4 dxe4 10. Nxe4 Nxe4 11. Bxe4 e5 12. dxe5 Nxe5 13. Qxd8 Rxd8 14. b3 c6
15. Bf4 Ng6 16. Be3 Re8 17. Bc2 a5 18. Ng3 Be6 19. a4 Bb4 20. h3 Ne7 21. Rfd1 f6
22. Bb6 Kf7 23. Ne4 Bf5 24. Bc7 g6 25. g4 Rac8 26. Bb6 Bxe4 27. Bxe4 f5 28. Bf3
fxg4 29. hxg4 Ng8 30. Rd7+ Re7 31. Rad1 Re8 32. Bd8 Rxd7 33. Rxd7+ Ke6 34. Rd3
Ne7 35. Bb6 Nc8 36. Be3 Nd6 37. Kg2 Nf7 38. Bf4 Rd8 39. Re3+ Kf6 40. Bc7 Rd7 41.
Bb6 Ng5 42. Be2 Ne6 43. g5+ Nxg5 44. Bg4 Rd2 45. Bc8 h5 46. Bxb7 Ne6 47. Rf3+
Ke7 48. Be3 Rd6 49. Rg3 Bc5 50. Bg5+ Kd7 51. Bc1 Nd8 52. Ba6 Nf7 53. Bf4 Rf6 54.
Rd3+ Ke7 55. Be3 Bxe3 56. Rxe3+ Kd6 57. Bc8 Ne5 58. Kg3 g5 59. f3 Rf8 60. Bh3
Rf4 61. Bg2 Rd4 62. c5+ Ke6 63. Bh3+ Kd5 64. Bg2 Rf4 65. b4 axb4 66. a5 Nc4 67.
Re8 Nxa5 68. Rg8 h4+ 69. Kf2 b3 70. Bf1 Kd4 71. Ra8 b2 72. Rb8 Ke5 0-1

[Event "grenke Chess Open 2025"]
[Site "Karlsruhe GER"]
[Date "2025.04.18"]
[Round "2.39"]
[White "Stankovic, Milos"]
[Black "Frey, Fabian"]
[Result "1-0"]
[WhiteTitle "IM"]
[WhiteElo "2439"]
[BlackElo "2212"]
[WhiteFideId "938190"]
[BlackFideId "1336487"]
[EventDate "2025.04.17"]

1. e4 c5 2. Nf3 d6 3. d4 cxd4 4. Nxd4 Nf6 5. Nc3 a6 6. Qf3 g6 7. h3 Bg7 8. Be3
O-O 9. O-O-O Bd7 10. Nd5 Nc6 11. Nxc6 bxc6 12. Bb6 cxd5 13. Bxd8 dxe4 14. Qe3
Rfxd8 15. f3 exf3 16. Qxf3 d5 17. Bd3 e5 18. Qe3 Re8 19. Rhf1 a5 20. Rf2 Be6 21.
Bb5 Rec8 22. Rfd2 a4 23. a3 h5 24. Kb1 Kh7 25. g4 hxg4 26. hxg4 Nxg4 27. Qg3 Nf6
28. Rf1 Kg8 29. Qh4 Nh5 30. Qe7 e4 31. Rdf2 Rcb8 32. Rxf7 Bxf7 33. Qxf7+ Kh7 34.
Qxd5 e3 35. Rh1 Kh6 36. Qd3 Bd4 37. Rg1 Rb6 38. Qxd4 Rxb5 39. Qxe3+ Kh7 40. Rxg6
Rab8 41. Qh6# 1-0

[Event "grenke Chess Open 2025"]
[Site "Karlsruhe GER"]
[Date "2025.04.18"]
[Round "2.40"]
[White "Bustos Bernardo, Samuel"]
[Black "Sorensen, Hampus"]
[Result "0-1"]
[BlackTitle "IM"]
[WhiteElo "2219"]
[BlackElo "2436"]
[WhiteFideId "32017111"]
[BlackFideId "8703884"]
[EventDate "2025.04.17"]

1. d4 Nf6 2. c4 e6 3. Nf3 d5 4. Nc3 Nbd7 5. Bg5 c6 6. e3 Qa5 7. cxd5 Nxd5 8. Qd2
Bb4 9. Rc1 Nxc3 10. bxc3 Ba3 11. Rb1 O-O 12. Bd3 e5 13. O-O Qc7 14. c4 h6 15.
Bh4 b6 16. Rfd1 Re8 17. Bg3 Bd6 18. c5 bxc5 19. dxc5 Nxc5 20. Bh7+ Kxh7 21. Qxd6
Qxd6 22. Rxd6 f6 23. Rxc6 Bf5 24. Rd1 Ne4 25. Ne1 Red8 26. Rdc1 Rd2 27. f3 Nxg3
28. hxg3 Rxa2 29. e4 Bg6 30. Rc7 Rf8 31. Nc2 a5 32. Ne3 a4 33. Nd5 a3 34. Ra7
Rf7 35. Ra8 Rb7 36. Nc3 Rd2 37. Nb1 Rd3 38. Nxa3 Bf7 39. g4 Kg6 40. Ra5 Rb2 41.
Nb1 Ba2 42. Nc3 Bb3 43. Nd5 Bxd5 44. Rxd5 Re3 45. Rd7 Ree2 46. Rcc7 Kg5 47. f4+
Kxf4 48. Rxg7 0-1

[Event "grenke Chess Open 2025"]
[Site "Karlsruhe GER"]
[Date "2025.04.18"]
[Round "2.41"]
[White "Pajeken, Jakob Leon"]
[Black "Neumark, Thomas"]
[Result "1-0"]
[WhiteTitle "IM"]
[WhiteElo "2435"]
[BlackElo "2210"]
[WhiteFideId "12942839"]
[BlackFideId "4604121"]
[EventDate "2025.04.17"]

1. d4 Nf6 2. Nf3 e6 3. c4 b6 4. g3 Ba6 5. b3 Bb4+ 6. Bd2 Be7 7. Bg2 c6 8. O-O
O-O 9. Ne5 d5 10. Bc3 Qc7 11. Nd2 Nbd7 12. Nxd7 Qxd7 13. e4 dxc4 14. Nxc4 Rad8
15. Re1 Qc8 16. Rc1 Bb7 17. Qc2 Rfe8 18. b4 Qa8 19. a4 Rc8 20. Ra1 c5 21. dxc5
bxc5 22. b5 Nd7 23. Qb2 Bf8 24. a5 Qb8 25. Red1 Rcd8 26. a6 Ba8 27. Ba5 Nb6 28.
Bxb6 axb6 29. e5 Bd5 30. Ne3 Bxg2 31. Kxg2 g5 32. f3 Bg7 33. Nc4 Qa7 34. Rd6
Rxd6 35. Nxd6 Rd8 36. Qd2 h6 37. Qe3 g4 38. fxg4 Qa8+ 39. Nb7 Rd5 40. Rf1 Rxe5
41. Qf3 f5 42. gxf5 exf5 43. Nd6 1-0

[Event "grenke Chess Open 2025"]
[Site "Karlsruhe GER"]
[Date "2025.04.18"]
[Round "2.42"]
[White "Haszon, David"]
[Black "Rubes, Jan"]
[Result "0-1"]
[WhiteTitle "FM"]
[BlackTitle "IM"]
[WhiteElo "2218"]
[BlackElo "2433"]
[WhiteFideId "733610"]
[BlackFideId "338176"]
[EventDate "2025.04.17"]

1. d4 d5 2. Bf4 Nf6 3. e3 c5 4. Nf3 Nc6 5. Nbd2 e6 6. c3 Be7 7. Bb5 O-O 8. Ne5
Qb6 9. Bxc6 bxc6 10. O-O Ba6 11. Re1 Rfc8 12. Rb1 cxd4 13. cxd4 c5 14. dxc5 Rxc5
15. b4 Rc3 16. b5 Bb7 17. Ng4 Ra3 18. Be5 Nd7 19. Nc4 dxc4 20. Qxd7 Bf8 21. Bc7
Bc8 22. Qc6 Qxc6 23. bxc6 f6 24. e4 Ra6 25. Rb8 Rxb8 26. Bxb8 Rxc6 27. Bxa7 Ra6
28. Bb8 Rxa2 29. e5 Bb4 30. Rd1 c3 31. Ne3 c2 32. Nxc2 Rxc2 33. exf6 gxf6 34.
Bg3 Bd2 0-1

[Event "grenke Chess Open 2025"]
[Site "Karlsruhe GER"]
[Date "2025.04.18"]
[Round "2.43"]
[White "Harshavardhan, G B"]
[Black "Zolfagharian, Kevin"]
[Result "1-0"]
[WhiteTitle "IM"]
[WhiteElo "2431"]
[BlackElo "2207"]
[WhiteFideId "25059009"]
[BlackFideId "12933570"]
[EventDate "2025.04.17"]

1. d4 Nf6 2. c4 e6 3. Nf3 d5 4. g3 dxc4 5. Bg2 Bd7 6. Nbd2 b5 7. a4 c6 8. O-O a5
9. Qc2 Na6 10. b3 Nb4 11. Qb2 cxb3 12. Nxb3 bxa4 13. Nc5 Bxc5 14. dxc5 Qe7 15.
Ne5 Qxc5 16. Nxd7 Kxd7 17. Rd1+ Ke7 18. Be3 Qb5 19. Rac1 Rhc8 20. Rc5 a3 21.
Qxa3 Qxe2 22. Rd2 Qe1+ 23. Bf1 Qb1 24. Rb2 Qe4 25. f3 Qxf3 26. Re5 Qg4 27. Be2
Qg6 28. Rxa5 Nd5 29. Rxa8 Rxa8 30. Bc5+ Kf6 31. Qxa8 Qh6 32. Qa1 1-0

[Event "grenke Chess Open 2025"]
[Site "Karlsruhe GER"]
[Date "2025.04.18"]
[Round "2.44"]
[White "Kawulok, Marek"]
[Black "Kopylov, Daniel"]
[Result "0-1"]
[BlackTitle "FM"]
[WhiteElo "2218"]
[BlackElo "2431"]
[WhiteFideId "337005"]
[BlackFideId "12921971"]
[EventDate "2025.04.17"]

1. e4 c5 2. Nf3 Nc6 3. Bb5 g6 4. O-O Bg7 5. c3 Nf6 6. Re1 O-O 7. d4 d5 8. e5 Ne4
9. Bxc6 bxc6 10. Be3 Rb8 11. Qc1 c4 12. Nbd2 Nxd2 13. Nxd2 Bf5 14. b3 Bd3 15.
Qa3 Qd7 16. Qa4 cxb3 17. axb3 a6 18. b4 f6 19. e6 Qd6 20. Qd1 Ra8 21. Nb3 Bb5
22. Nc5 f5 23. g3 f4 24. Bxf4 Rxf4 25. gxf4 Qxf4 26. Re3 Rf8 27. Ra2 Bh6 28. Kg2
Bc4 29. Rb2 Rf5 30. Rg3 Kh8 31. Rg4 Qd6 32. Qe1 Bf4 33. Rg3 Qd8 34. Nd7 Qg8 35.
Rf3 Qg7 36. Rxf4 Rxf4 37. Qe5 Re4 38. Qb8+ Qg8 39. Qxg8+ Kxg8 40. Nc5 Re1 41.
Rc2 Kg7 42. f3 Kf6 43. Kf2 Rf1+ 44. Ke3 Kf5 45. Rf2 Rc1 46. Kd2 Ra1 47. Ke3 Kg5
48. Nd3 Bxd3 49. Kxd3 Re1 50. Ra2 Rxe6 51. Rxa6 Kf4 52. c4 Re3+ 53. Kd2 Rb3 54.
Rxc6 Rxb4 55. cxd5 Rxd4+ 56. Ke2 Rxd5 57. Rc4+ Kf5 58. Kf2 Rd3 59. Rc7 Kf6 60.
Kg3 g5 61. Rc4 h5 62. h3 Kf5 63. Rc2 g4 0-1

[Event "grenke Chess Open 2025"]
[Site "Karlsruhe GER"]
[Date "2025.04.18"]
[Round "2.46"]
[White "Bargsten, Justus"]
[Black "Ginsburg, Gennadi"]
[Result "1-0"]
[WhiteTitle "CM"]
[BlackTitle "GM"]
[WhiteElo "2214"]
[BlackElo "2429"]
[WhiteFideId "12974188"]
[BlackFideId "4630629"]
[EventDate "2025.04.17"]

1. d4 e6 2. c4 Nf6 3. Nc3 d5 4. cxd5 exd5 5. Bg5 c6 6. e3 Bd6 7. Bd3 O-O 8. Nge2
h6 9. Bh4 Re8 10. h3 a5 11. O-O Na6 12. Rc1 Nc7 13. Kh1 g5 14. Bg3 g4 15. Bh4
gxh3 16. gxh3 Bxh3 17. Rg1+ Kf8 18. Nf4 Bxf4 19. exf4 Bc8 20. f5 Re4 21. Bxe4
dxe4 22. Qd2 Nce8 23. Qxh6+ Ke7 24. Nxe4 1-0

[Event "grenke Chess Open 2025"]
[Site "Karlsruhe GER"]
[Date "2025.04.18"]
[Round "2.47"]
[White "Domingo Nunez, Ruben"]
[Black "Topencik, Bruno"]
[Result "1-0"]
[WhiteTitle "IM"]
[BlackTitle "FM"]
[WhiteElo "2429"]
[BlackElo "2200"]
[WhiteFideId "22245570"]
[BlackFideId "23716550"]
[EventDate "2025.04.17"]

1. Nf3 d5 2. e3 Nf6 3. c4 e6 4. Nc3 Be7 5. b3 O-O 6. Bb2 c5 7. cxd5 Nxd5 8. h4
Nxc3 9. Bxc3 Nd7 10. Qc2 Nb6 11. Bd3 f5 12. g4 Nd5 13. gxf5 exf5 14. Bb2 Nb4 15.
Bc4+ Kh8 16. Qb1 Bf6 17. Rg1 b5 18. Bxb5 Bb7 19. Ne5 Qd6 20. Qxf5 a6 21. Bc4 Bd5
22. a3 Nc6 23. Ng6+ hxg6 24. Qxd5 Qxd5 25. Bxd5 Bxb2 26. Ra2 Bf6 27. Bxc6 Rab8
28. Bd5 Bxh4 29. Rh1 g5 30. Rc2 Rbc8 31. Rc4 g6 32. Rg4 Kg7 33. Rh2 Rcd8 34. Bc4
Rd6 35. Ke2 a5 36. f4 Rdf6 37. Kd1 Rf5 38. Bd3 R5f7 39. fxg5 Rd7 40. Rgxh4 Rxd3
41. Rh7+ Kg8 42. Rh8+ Kf7 43. Rf2+ 1-0

[Event "grenke Chess Open 2025"]
[Site "Karlsruhe GER"]
[Date "2025.04.18"]
[Round "2.48"]
[White "Pancevski, Filip"]
[Black "Paragua, Megan Althea"]
[Result "1/2-1/2"]
[WhiteTitle "IM"]
[BlackTitle "WFM"]
[WhiteElo "2428"]
[BlackElo "2199"]
[WhiteFideId "15002187"]
[BlackFideId "30973007"]
[EventDate "2025.04.17"]

1. e4 c5 2. Nf3 e6 3. d3 d6 4. g3 Nf6 5. Bg2 Be7 6. O-O O-O 7. e5 dxe5 8. Nxe5
Nbd7 9. Nc4 Nd5 10. Nc3 N7f6 11. Ne4 Bd7 12. Ne5 Qc7 13. Nxd7 Qxd7 14. Qe2 Rac8
15. a3 Rfd8 16. Ng5 h6 17. Nf3 Bd6 18. Bd2 Qc7 19. c4 Ne7 20. Bc3 Nh7 21. Rad1
Nc6 22. d4 cxd4 23. Nxd4 Nxd4 24. Rxd4 Be7 25. Rc1 Bf6 26. Rxd8+ Rxd8 27. Be1
Bd4 28. b4 Nf6 29. c5 e5 30. Bc3 a6 31. h3 e4 32. Bxd4 Rxd4 33. Rc4 Qd7 34. Rxd4
Qxd4 35. Qe3 Qe5 36. Kh2 h5 37. Qf4 Qxf4 38. gxf4 h4 39. Kg1 Kf8 40. f5 Ke7 41.
f3 e3 42. f4 Nh5 43. Bxb7 Nxf4 44. Bxa6 Nxh3+ 45. Kf1 Nf4 46. Bb7 g5 47. fxg6
fxg6 48. b5 e2+ 49. Kf2 Nd3+ 50. Kxe2 Nxc5 51. Bg2 Kd6 52. Kf3 Na4 53. Kg4 Kc5
54. Bf1 Nc3 55. Kxh4 Nxb5 56. Kg5 1/2-1/2